Score 0/16 Timer 04:00
0 Plays Today
Scrambled Pair Word Pair % Correct
SPOT and SNAPPots and Pans
95.9%
FILE and HATEDLife and Death
94.5%
REDFIN or OEFFriend or Foe
93.9%
AWL and ROREDLaw and Order
92%
ING and COTINGin and Tonic
87.7%
KIRCT or ATTERTrick or Treat
85.6%
HGIFT or THILGFFight or Flight
79.9%
HURTT or SCONCEQUEENSTruth or Consequences
77.1%
Scrambled Pair Word Pair % Correct
BANTAM and IBNOR *Batman and Robin
73.5%
IPNA and FRUNSIGEFPain and Suffering
68.2%
ESSEN and BENITSILYISSense and Sensibility
54.3%
OFRAL and UFNAAFlora and Fauna
54.2%
INSOM and FLAGNURKE *Simon and Garfunkel
36.4%
TOBTAB and LOCSTOLE *Abbott and Costello
29.7%
IDRANTID and BOGOTA *Trinidad and Tobago
25.8%
LASTUSA and TARBYTEAssault and Battery
24.3%
Remove Ads.
Support Sporcle.
Get the best of Sporcle when you Go Orange. This ad-free experience offers more features, more stats, and more fun while also helping to support Sporcle. Thank you for becoming a member.

You're not logged in!

Compare scores with friends on all Sporcle quizzes.
OR
Log In

Show Comments

Extras

Top Quizzes Today


Score Distribution

Your Account Isn't Verified!

In order to create a playlist on Sporcle, you need to verify the email address you used during registration. Go to your Sporcle Settings to finish the process.

Report this User

Report this user for behavior that violates our Community Guidelines.

Details: